000 00547nam a2200205 i 4500
001 58940
003 ES-MaACL
005 20230906163926.0
007 t|
008 031024s1960 sp ||||1| spa d
100 1 _aEcheverría, Lamberto de.
_946577
245 1 0 _aAscética del hombre de la calle /
_cLamberto de Echeverría.
250 _a2ª ed.
260 _aBarcelona :
_bFlors,
_c1960.
300 _a307 p. ;
_c19 cm.
490 1 _aRemanso
830 0 _aRemanso
_9181827
852 _aES-MaACL
_jC-19245
_bR.46924
999 _c58940
_d58940